[Event "Stay Safe Play From Home 304"]
[Site "Emanuel Lasker Arena"]
[Date "2020.07.15"]
[Round "8"]
[White "Klasman"]
[Black "Lazieri3"]
[Result "0-1"]
[WhiteElo "1305"]
[BlackElo "2070"]
[Annotator "TA"]
[PlyCount "46"]
[EventDate "2020.07.15"]
[EventType "swiss (blitz)"]

{[%evp 9,46,-26,30,7,10,9,11,6,8,0,15,6,39,45,47,20,87,83,334,333,350,123,125,119,157,151,448,461,455,399,369,261,461,443,497,485,489,475,476]} 1. f4 c6 2. c4 d5 3. d4 Nf6 4. Nf3 {[#]} Bf5 $146 ({Predecessor:} 4... Bg4 5. Ne5 e6 6. Nxg4 Nxg4 7. e4 Bb4+ 8. Nc3 f5 9. e5 O-O 10. Be2 Qh4+ {1-0 (31) Demir,G (2239)-Duneas,J (2075) ICC INT 2009}) 5. Qb3 b6 ({Black should play} 5... Qb6) 6. e3 {A03: Bird's Opening with 1...d5.} e6 7. Be2 Bd6 8. O-O {The position is equal.} O-O 9. Nc3 h6 10. Ne5 Qc7 11. cxd5 exd5 12. Bd2 Nbd7 (12... Ne4 $11 {remains equal.} 13. Nxe4 Bxe4) 13. Rac1 $16 {Threatens to win with Nb5!} Bxe5 $4 {[%mdl 8192]} (13... Qb7 $16 {was necessary.}) 14. fxe5 $18 ({Stronger than} 14. dxe5 Ne4 $11) 14... Ne4 15. Nxe4 $2 ({Weaker is} 15. Rxf5 Nxd2 16. Qd1 Nc4 $18) (15. Nxd5 $18 {is more deadly.} Nxd2 16. Qb4) 15... Bxe4 $16 {[#]} 16. Bf3 $1 Bxf3 17. Rxf3 f6 $2 {[#]} (17... Rae8 $16 18. Rg3 Kh8) 18. Qxd5+ $1 $18 {[%mdl 512]} cxd5 19. Rxc7 Rfd8 20. Bb4 {Strongly threatening e6.} fxe5 $2 (20... Kf7 21. Ba3 a5) 21. Be7 {White is clearly winning.} exd4 22. Bxd8 Rxd8 23. exd4 Nf6 {[%mdl 32768] Accuracy: White = 78%, Black = 36%. . Loss on time!?} 0-1

[Event "Stay Safe Play From Home 304"]
[Site "Emanuel Lasker Arena"]
[Date "2020.07.15"]
[Round "9"]
[White "Jhhonnyy"]
[Black "Lamborghini"]
[Result "1-0"]
[WhiteElo "2317"]
[BlackElo "2080"]
[Annotator "TA"]
[PlyCount "129"]
[EventDate "2020.07.15"]
[EventType "swiss (blitz)"]

{[%evp 13,129,26,52,23,51,0,52,51,103,51,52,14,42,0,0,-50,34,37,35,-58,4,-10,-10,-51,6,-81,-67,-94,-66,-87,-65,-217,-204,-205,-191,-175,0,0,0,0,0,-364,-11,-72,77,-541,0,-259,0,-26,-37,-33,-29,-37,-26,-26,-26,-26,-26,-27,-26,-26,-33,-41,-33,-41,-41,-50,-50,-50,-50,-50,-50,-50,-50,-55,-55,-55,-8,-8,-8,-22,0,0,550,-13,0,-9,-8,-13,-13,-13,0,0,0,0,5093,5391,7427,7212,3770,24,2754,12,12,0,29990,29981,29983,29984,29988,29985,29990,29989,29990,29991,29991,0]} 1. d4 Nf6 2. c4 g6 3. g3 Bg7 4. Bg2 O-O 5. Nc3 d6 6. Nf3 c6 7. O-O Qa5 {7...Bf5 injects fresh life into this line. Played by Fabiano Caruana in May 2020.} 8. Ne1 {[#] E62: King's Indian: Fianchetto: 6...c6 and Panno Variation (6...Nc6) without ...a6.} Qb6 $146 ({Predecessor:} 8... Be6 9. d5 cxd5 10. cxd5 Bd7 11. Nd3 Na6 12. Bd2 Rfc8 13. a3 Qd8 14. b4 Nc7 15. Qb3 Nb5 16. Nxb5 Bxb5 {0-1 (34) Pohjala,H (2338)-Kulaots,K (2581) Jyvaskyla 2013}) 9. Nf3 (9. e4 $14) 9... Be6 (9... Qa5 $11) 10. b3 $14 {White is slightly better.} a5 ({Black should play} 10... d5 $14) 11. Bd2 (11. e4 $16) 11... d5 12. Rb1 Rd8 13. Ng5 Bf5 14. Rc1 (14. c5 $5 {[%cal Rc5b6]} Qc7 15. Bf4 $11) 14... h6 (14... Qxd4 $15 15. Be3 Qxd1 16. Rfxd1 e6) 15. Nf3 Ne4 16. Nxe4 (16. Na4 $14 Qa6 17. Nh4) 16... Bxe4 ({Black should try} 16... dxe4 $15 17. Nh4 (17. c5 Qa6 $15) 17... Bxd4 18. Nxf5 gxf5) 17. Be3 a4 18. Qd2 Kh7 (18... axb3 $15 19. axb3 h5) 19. Qb2 (19. c5 $11 Qc7 20. b4) 19... axb3 20. axb3 Na6 21. Rfd1 Nb4 {White must now prevent ...Ra2.} 22. Ne5 $2 (22. Ra1 $15) 22... Ra2 $19 23. Qc3 Bxg2 24. Kxg2 Kg8 $2 (24... Rxe2 $19 25. Rb1 Nc2) 25. Rd2 $11 Rxd2 26. Qxd2 h5 27. Qc3 $2 {[%mdl 8192]} (27. Nf3 $11 {and White has nothing to worry.}) 27... dxc4 $2 (27... Na2 $19 28. c5 Qc7) 28. bxc4 (28. Qxc4 $11 {remains equal.} Nd5 29. Bd2) 28... c5 (28... Na2 $17 {keeps the pressure on.} 29. c5 (29. d5 $2 Qc7 $19) 29... Qb5) 29. Rd1 $2 {[%mdl 8192]} (29. dxc5 $16 Qc7 30. Qxb4 Bxe5 31. Rb1) 29... cxd4 $2 (29... Bxe5 $1 $19 30. Qb3 Bxd4) 30. Bxd4 $2 {[%mdl 8192] [#]} (30. Rxd4 $11 Rxd4 31. Bxd4 Bxe5 32. Bxe5 (32. Bxb6 $2 {perishes.} Bxc3 33. f4 Kg7 $19)) 30... Rxd4 $2 (30... Qd6 $1 $19 {aiming for ...Bxe5.} 31. c5 Qd5+ 32. f3 Nc6) 31. Qxd4 (31. c5 {is interesting.} Qc7 32. Rxd4 Na2 33. Qc4 Bxe5 34. Rd3) 31... Qxd4 32. Rxd4 {Rd8+ is the strong threat.} Bxe5 33. Rd7 Bd6 {Threatening ...b6.} 34. Rxb7 Na6 35. e3 Nc5 36. Rb1 f5 37. Rd1 Kf7 38. Kf3 Ke6 39. h3 Ne4 40. g4 Ng5+ 41. Kg2 fxg4 42. hxg4 hxg4 43. Rd4 Kf5 44. Rd5+ Kf6 45. Rd4 Nf3 (45... g3 $5 46. f3 Ne6 $17) 46. Rxg4 Ne5 47. Rd4 Bc5 48. Rd5 Nd7 $2 {[%mdl 8192]} (48... Ba7 $11 {and Black is okay.}) 49. Kf3 $2 (49. Rxd7 $18 Bb4 50. Rb7) 49... Ke6 50. Rd1 Bd6 51. Kg4 Ne5+ 52. Kg5 Nxc4 53. Kxg6 Ke5 54. Kg5 Ke4 $2 {[%mdl 8192]} (54... Ke6 $11) 55. Rd4+ $18 {[%mdl 64] Double Attack} Kf3 56. Rxc4 Kxf2 {[%mdl 4096] Endgame KR-KB} 57. Re4 $2 ({Only move:} 57. e4 $18 Ke3 58. Kf5) 57... Kf3 $2 {[%mdl 8192] [#]} (57... e5 $11) 58. Kf5 $2 (58. Re6 $1 $18 Ke2 59. Kf5) 58... e5 $11 59. Rxe5 Bc5 $2 {[%mdl 8192]} (59... Bxe5 $11 60. Kxe5 Kxe3) 60. e4 {White mates.} Be3 61. Rd5 Bf4 62. e5 Bg5 63. e6 Be7 64. Rd7 Bb4 65. Re7 $2 {[%mdl 32768] A wild game. Accuracy: White = 51%, Black = 53%. . Loss on time!?} (65. e7 {mates} Bxe7 66. Rxe7 Kg3 67. Re3+ Kf2 68. Kf4 Kg2 69. Re2+ Kf1 70. Kf3 Kg1 71. Re1+ Kh2 72. Rd1 Kh3 73. Rh1#) 1-0

[Event "Stay Safe Play From Home 304"]
[Site "Emanuel Lasker Arena"]
[Date "2020.07.15"]
[Round "9"]
[White "Weltszmerc"]
[Black "Tolka"]
[Result "0-1"]
[WhiteElo "2137"]
[BlackElo "2351"]
[Annotator "TA"]
[PlyCount "114"]
[EventDate "2020.07.15"]
[EventType "swiss (blitz)"]

{[%evp 9,114,-47,35,-88,6,0,0,0,0,0,0,0,-14,-111,-120,-200,-166,-309,-117,-447,-451,-431,-439,-444,-85,-113,-105,-128,-118,-145,-80,-150,118,117,118,92,154,147,148,139,325,324,403,388,506,509,504,455,475,478,464,431,454,452,420,404,404,394,323,227,244,217,211,210,335,316,444,370,321,243,236,222,282,282,318,318,368,338,342,331,330,275,29969,29972,29976,29973,29977,29976,29976,29977,29977,29978,29980,29976,29976,29977,29977,29974,29974,29972,29974,29972,29974,0,0,0,0]} 1. d4 Nf6 2. c4 c5 3. d5 e6 4. dxe6 fxe6 5. e4 Nc6 {[#]} (5... Nxe4 $15 6. Bd3 Nf6) 6. f3 $146 {A60: Modern Benoni: Early Divergences.} (6. Nc3 $14 {keeps the upper hand.}) ({Predecessor:} 6. Nc3 Be7 7. f4 d6 8. Nf3 O-O 9. Bd3 Nh5 10. Ne2 g6 {½-½ (10) Petakov,U (2347)-Brkljaca,A (2322) Banja Koviljaca 2013}) 6... g6 (6... d5 $17 7. cxd5 exd5 8. exd5 Nxd5) 7. Nc3 $11 Bg7 8. Bg5 O-O 9. Qd2 Qa5 10. h4 Nd4 $36 {[%mdl 2048] White is under pressure.} 11. h5 (11. Rd1 $11) 11... Nxh5 12. Rxh5 (12. Rc1 $17) 12... gxh5 13. Nh3 {[#]} (13. O-O-O $142) 13... Qc7 $2 (13... Nb3 $1 $19 {[%mdl 512] has better winning chances.} 14. axb3 Qxa1+ 15. Nd1 {[#]} h4 $1 {[%mdl 512]}) 14. Bf4 $2 {[%mdl 8192] [#]} (14. O-O-O $17 {was the crucial defense.}) 14... Rxf4 $1 $19 15. Qxf4 Qxf4 16. Nxf4 h4 $2 (16... Nc2+ $19 17. Kd2 Nxa1 18. Nxh5 Bh6+ 19. f4 b6) 17. Kf2 Nc2 18. Rc1 Bd4+ 19. Ke2 Ne3 ({Black should try} 19... Be3 20. Rxc2 Bxf4) 20. Nb5 (20. Kd2 $142) 20... d5 $2 (20... Bxb2 $17 21. Rb1 Nxc4) 21. Nxd4 $16 cxd4 22. cxd5 ({But not} 22. exd5 $6 Kf7 $11) 22... exd5 (22... e5 $142) 23. Nxd5 Nxd5 24. exd5 {[%mdl 4096] Endgame Threatens to win with Kd3. KRB-KRB} Bd7 $2 (24... Bf5 $16) 25. Kd3 $18 Re8 26. Kxd4 h3 27. gxh3 Rf8 28. Bg2 Rf4+ 29. Ke5 Rf5+ 30. Kd6 Be8 31. Rc8 Kf7 32. Rc7+ Kf6 33. Rxb7 Bf7 34. Rxa7 {Strongly threatening Ra5.} Rxd5+ 35. Kc6 {aiming for Rxf7+!} Rd2 36. Bf1 Bd5+ (36... Rf2 $142) 37. Kc5 Bxf3 (37... Be6 $142 38. b4 Rd5+ 39. Kc6 Rd1) 38. Ra6+ Ke5 39. Bc4 Rxb2 40. a4 {[%cal Ba2a4,Ba4a5,Ba5a6][%mdl 32]} Kf4 41. Rh6 Rc2 42. Rxh7 Be2 43. Rh4+ Kg3 44. Rd4 Kxh3 45. a5 Bxc4 $2 (45... Rc1 $18 46. a6 Kg3) 46. Rxc4 {KR-KR} Rg2 47. Kb5 Rg6 48. Rc5 Rg8 49. a6 Rb8+ 50. Ka5 Rb1 51. Rc6 Ra1+ 52. Kb6 Rb1+ 53. Ka7 Kg2 54. Rc7 Rb2 55. Re7 Ra2 56. Ka8 $2 (56. Kb7 {mates} Rb2+ 57. Kc8 Kh2 58. a7 Ra2 59. Kb8 Rb2+ 60. Rb7 Rf2 61. a8=Q) 56... Rxa6+ $11 57. Kb7 Ra1 {[%mdl 32768] Accuracy: White = 58%, Black = 50%. . Loss on time!?} 0-1

[Event "Stay Safe Play From Home 304"]
[Site "Emanuel Lasker Arena"]
[Date "2020.07.15"]
[Round "9"]
[White "Scorpio New"]
[Black "Tartak"]
[Result "0-1"]
[WhiteElo "2094"]
[BlackElo "1548"]
[Annotator "TA"]
[PlyCount "50"]
[EventDate "2020.07.15"]
[EventType "swiss (blitz)"]

{[%evp 9,50,-41,21,-12,5,-17,-5,-14,-10,-137,-99,-139,-116,-304,-181,-246,-233,-373,-349,-307,-195,-249,-203,-672,-650,-627,-213,-262,-220,-384,-362,-581,-545,-503,-518,-1962,-1922,-29987,-29986,-29998,-29998,-29998,-29999]} 1. d3 e6 2. Nf3 d5 3. Bg5 ({Predecessor:} 3. g3 c5 4. Bg2 Nc6 5. O-O Bd6 6. c3 Nge7 7. a3 O-O 8. b4 b6 9. Nbd2 Bb7 10. Bb2 Rc8 11. Re1 Ng6 12. b5 Nce5 13. a4 Nxf3+ 14. exf3 {½-½ (44) Cordova,E (2609)-Narciso Dublan,M (2521) Catalunya 2014}) 3... f6 4. Bc1 Bd6 5. Nbd2 Nc6 ({Better is} 5... c5 $15) 6. c3 {A04: Unusual lines after 1 Nf3 and King's Indian Attack.} Qe7 7. Qc2 Bd7 8. e4 {The position is equal.} g5 9. exd5 (9. d4 $11 {remains equal.}) 9... exd5+ $17 10. Be2 O-O-O $36 {[%mdl 2048] Black is on the roll.} 11. O-O $2 (11. h3 $17) 11... f5 (11... Qxe2 $142 12. Re1 {[#]} Bxh2+ $1 {[%mdl 576] Deflection} 13. Kxh2 Qxf2) 12. Re1 (12. b4 {might work better.} Qxe2 13. Re1 Bxh2+ {[%mdl 64] Deflection} 14. Kxh2 Qxf2 15. b5) 12... g4 $19 13. Nd4 (13. Bf1 {was necessary.} Qf6 14. Nd4) 13... Nxd4 14. cxd4 Qh4 15. Nf1 (15. g3 $142 Qf6 16. Bf1) 15... f4 16. f3 $2 (16. g3 fxg3 17. hxg3) 16... gxf3 17. Bxf3 Nf6 $2 (17... Qxe1 18. Bxf4 Qxa1 19. Bxd6 Bc6) 18. Bd2 Rhg8 19. Kh1 $2 (19. Bc3) 19... Ng4 {[#] Strongly threatening ...Nf2+.} 20. Bxg4 $2 (20. Bc3 Ne3 21. Qe2) 20... Qxg4 {[%csl Gg8][%cal Rg4g2]} 21. Bc3 f3 {[%cal Rf3g2]} 22. Ng3 (22. g3 $142 h5 23. Qf2) 22... Bxg3 23. hxg3 Qxg3 {Black mates.} 24. gxf3 Qh3+ 25. Qh2 Qxf3+ {[%mdl 64] Double Attack. Black took control after the opening. Accuracy: White = 12%, Black = 51%.} 0-1

[Event "Stay Safe Play From Home 304"]
[Site "Emanuel Lasker Arena"]
[Date "2020.07.15"]
[Round "9"]
[White "Lazieri3"]
[Black "Broken sword"]
[Result "0-1"]
[WhiteElo "2070"]
[BlackElo "2440"]
[Annotator "TA"]
[PlyCount "70"]
[EventDate "2020.07.15"]
[EventType "swiss (blitz)"]

{[%evp 9,70,-39,-39,-59,-47,-54,-53,-128,-126,-136,-127,-131,-105,-127,-112,-118,-119,-127,-114,-127,-136,-151,-175,-176,-161,-156,-65,-126,2,0,0,0,21,-150,-142,-644,-105,-94,-65,-281,-262,-397,-327,-29991,-243,-29991,-801,-2718,-270,-609,-609,-719,0,-1733,86,-338,-319,-312,125,86,258,0,0]} 1. e4 c5 2. Nc3 e6 3. d3 a6 4. Nf3 d5 5. Bg5 {[#]} f6 $146 ({Predecessor:} 5... Be7 6. Bxe7 Nxe7 7. d4 cxd4 8. Qxd4 O-O 9. exd5 exd5 10. Bd3 Nbc6 11. Qh4 Bf5 12. O-O-O Bxd3 13. Rxd3 {0-1 (58) Sana,M (2132)-Sheng,J (2236) Orlando 2014}) 6. Bh4 {B40: Sicilian: 2...e6, Unusual lines.} d4 7. Nb1 Nc6 8. c4 (8. Bg3 $15) 8... e5 $17 9. Nfd2 Be6 10. Bg3 Bd6 11. a3 Nge7 12. Be2 Qd7 13. h3 g6 14. Bg4 f5 15. exf5 gxf5 16. Bh5+ Ng6 17. O-O f4 ({Black should play} 17... O-O-O $17 18. Nf3 f4) 18. Bh4 (18. Bh2 $15) 18... Rg8 (18... O-O $17 19. Bxg6 hxg6) 19. Ne4 $11 {aiming for Nf6+.} Be7 20. Bxe7 Qxe7 21. Bxg6+ $2 (21. Kh2 $11) 21... Rxg6 $17 22. Kh1 $2 {[%mdl 8192]} (22. Kh2 $17) 22... Bf5 $2 (22... Qh4 $19 {and Black stays clearly on top.} 23. Nbd2 Bxh3 $1 {[%mdl 512]}) 23. Nbd2 O-O-O 24. f3 $2 ({White should try} 24. Qh5 $15 Bxe4 25. Nxe4) 24... Rdg8 $19 25. Rg1 (25. Rf2 {only move.}) 25... Kb8 ({Don't play} 25... Bxh3 26. gxh3 Qh4 27. Nf2 $19) 26. Qa4 $2 (26. Nf2 $19 Qg7 27. Qf1) 26... h5 $2 (26... Qh4 {mates} 27. b4 Bxh3 $1 {[%mdl 512]} 28. Ng5 Rh6 29. Rgf1 Bxg2+ $1 {[%mdl 576] Double Attack} 30. Kg1 Qg3 31. bxc5 Bxf3#) 27. b4 $2 {[#]} (27. Qd1 $19) 27... cxb4 (27... Qh4 $142 $1 {[%mdl 512]} 28. Rac1 Bxh3 $1 {[%mdl 512]} 29. Ng5 Bxg2+ $1 {[%mdl 512]} 30. Kxg2 Rxg5+ 31. Kf1 Rxg1+ 32. Ke2 Qh2#) 28. axb4 {[#]} Qxb4 $2 (28... Qh4 $1 {[%mdl 512]} 29. Nf2 Qxf2 {[%mdl 64] Double Attack}) 29. Qa2 $2 (29. Qxb4 Nxb4 30. Rgb1) 29... Qe7 30. Rab1 Kc8 $2 (30... Qh4 $19 31. Qxa6 Qxh3+ 32. gxh3 Rxg1+ 33. Rxg1 Rxg1+ 34. Kxg1 bxa6) 31. Qa4 $2 {[%mdl 8192] [#]} (31. c5 $11) 31... h4 $2 (31... Qh4 $1 $19 {( -> ...Bxh3!)} 32. Qb3 Na5) 32. Rb6 $2 {[%mdl 8192]} (32. c5 $16 {is forced if you want to stay better.}) 32... Qc7 33. Rbb1 Rg3 $2 (33... Qg7 $19 34. Qa3 Bxe4 35. Nxe4 Rxg2 36. Nd6+ Kb8 37. Rxb7+ Qxb7 38. Rxg2 Qb1+ 39. Kh2 Rxg2+ 40. Kxg2 Qb4 41. Qxb4+ Nxb4) 34. c5 $16 {Strongly threatening Nd6+.} ({Much weaker is} 34. Nxg3 $6 hxg3 35. Rb3 Na5 $11) 34... Bxh3 $2 (34... Kd8 $16 {is a better defense.}) 35. Nd6+ $2 ({Only move:} 35. Nxg3 $18 {And now Nge4 would win.} hxg3 36. gxh3) 35... Kd8 {[%mdl 32768] Accuracy: White = 27%, Black = 38%. . Sensor Board Error (Ke4/e5)?} 0-1

[Event "Stay Safe Play From Home 304"]
[Site "Emanuel Lasker Arena"]
[Date "2020.07.15"]
[Round "9"]
[White "TheCHESSHOUSE"]
[Black "NTBT_DHS"]
[Result "0-1"]
[WhiteElo "2046"]
[BlackElo "2498"]
[Annotator "TA"]
[PlyCount "46"]
[EventDate "2020.07.15"]
[EventType "swiss (blitz)"]

{[%evp 9,46,13,16,-22,0,-208,-185,-187,-197,-180,-179,-202,-187,-208,-200,-284,-293,-277,-283,-298,-264,-285,-222,-225,-224,-231,-227,-221,-212,-339,-180,-356,-191,-195,-206,-206,-109,-955,-942]} 1. d4 Nf6 2. c4 g6 3. d5 Bg7 4. Nc3 O-O 5. e4 c6 {[#]} 6. e5 $146 {E60: King's Indian: Unusual lines and Fianchetto Variation without Nc3.} ({Predecessor:} 6. Be2 b5 7. cxb5 cxd5 8. exd5 Bb7 9. Nf3 d6 10. O-O Nbd7 11. Be3 Nb6 12. Bxb6 Qxb6 {0-1 (35) Gubernatorova,L (2200)-Nebolsina,V (2220) Sochi 2017}) 6... Ne8 $1 7. e6 $2 (7. h4 $11) 7... dxe6 $19 8. dxe6 {Black is clearly better.} Qxd1+ 9. Nxd1 Bxe6 10. Nf3 Na6 11. Be2 Nd6 12. O-O (12. Ne3 $142) 12... Bxc4 ({But not} 12... Nxc4 13. Bg5 $19) 13. Bxc4 Nxc4 14. Re1 e6 15. Ne3 Nxb2 16. Bxb2 Bxb2 17. Rab1 Bc3 18. Rec1 Bb4 19. Nc4 (19. Nc2 $142 Bc5 20. Rxb7) 19... Rad8 (19... Rab8 $142 20. g4 Rfd8) 20. h3 $2 (20. a3 Bc5 21. Rxb7) 20... Rd5 (20... Rd7 $142 21. Nce5 Rd5) 21. a3 {[#]} Bc5 $1 22. Rxb7 {[#]} Rfd8 (22... Rb8 $1 $19 {[%cal Rb8b7]} 23. Rbb1 Rb5) 23. Rd7 $2 {[%mdl 8192]} (23. Nce5 $17) 23... R5xd7 {Accuracy: White = 36%, Black = 45%.} 0-1

[Event "Stay Safe Play From Home 304"]
[Site "Emanuel Lasker Arena"]
[Date "2020.07.15"]
[Round "9"]
[White "Bardellosport"]
[Black "SoulofWolf"]
[Result "0-1"]
[WhiteElo "2044"]
[BlackElo "2133"]
[Annotator "TA"]
[PlyCount "98"]
[EventDate "2020.07.15"]
[EventType "swiss (blitz)"]

{[%evp 9,98,24,79,64,80,95,120,103,116,55,76,82,91,105,97,66,67,58,86,72,123,70,158,155,235,136,220,103,133,136,143,143,188,79,83,68,111,29,130,27,105,2,108,107,121,121,139,54,54,56,236,86,1223,1223,1666,1558,1685,1557,29975,29977,29976,29977,29976,0,0,0,0,0,0,0,0,0,0,0,29990,29991,29996,29986,29986,29987,29985,803,664,626,440,0,0,0,0,-29985,-29986]} 1. d4 d6 2. e3 f6 3. f4 {[#]} g6 $146 ({Predecessor:} 3... Nc6 4. c4 d5 5. Bd2 dxc4 6. Bxc4 e6 7. f5 exf5 8. d5 Ne5 9. Bb5+ c6 10. dxc6 bxc6 {0-1 (68) Farias,D (979)-Rice,S (1116) Windsor 2010}) 4. Nf3 Bg7 5. Bc4 Nd7 (5... e6 $11) 6. Qe2 {A41: 1 d4 d6: Tartakower System and Modern Defence.} c6 7. e4 Nb6 8. Bb3 {White is better.} d5 9. e5 (9. Nc3 $16) 9... e6 10. O-O Ne7 11. exf6 Bxf6 12. Ne5 O-O 13. c3 Nf5 14. Nd2 c5 (14... Bg7 $142) 15. Ndf3 (15. dxc5 $16 {Black must now prevent g4.} Nd7 16. Nd3) 15... c4 (15... cxd4 $14 16. cxd4 (16. Nxd4 Bxe5 17. fxe5 Bd7 $14) 16... Bd7) 16. Bc2 $16 Nd6 (16... Nd7 $16 17. g4 Ng7) 17. g4 (17. Ng5 $18 {Threatens to win with Nxh7!} Qe7 18. Bd2) 17... Bg7 (17... Bd7 $16 18. a4 a5) 18. g5 (18. Ng5 $18 {has better winning chances.}) 18... Qe7 19. h4 Nf5 20. Bxf5 Rxf5 {[#]} 21. Qg2 (21. h5 $1 $18 {[%mdl 512]}) 21... Bd7 22. Qg4 Raf8 23. Be3 (23. h5 $16) 23... Nc8 (23... Be8 $11 {remains equal.}) 24. Rf2 (24. h5 $16) 24... Nd6 (24... Be8 $1 $11 {keeps the balance.}) 25. Rh2 ({White should play} 25. h5 $16 gxh5 26. Qxh5) 25... Ne4 (25... Be8 $1 $11) 26. h5 Be8 27. hxg6 Bxg6 28. Kg2 (28. Nxg6 $16 hxg6 29. Nh4 {[%mdl 64] Double Attack}) 28... Bxe5 $1 $14 29. Nxe5 Nd6 $2 (29... R5f7 $1 $14) 30. Rah1 (30. Nxg6 $18 hxg6 31. Rah1) 30... R5f7 $2 {[%mdl 8192]} (30... Rxe5 $16 31. dxe5 Nf5) 31. Nxg6 $18 Qc7 32. Nxf8 Kxf8 {[#]} 33. g6 $1 Nf5 34. gxf7 Nxe3+ 35. Kf3 Nxg4 36. Kxg4 $2 (36. Rxh7 {mates} Qxf7 37. Rxf7+ Kxf7 38. Kxg4 Kg6 39. Rh5 Kf6 40. Rh7 a5 41. Rxb7) 36... Qxf7 $11 37. Rxh7 {[%mdl 4096] Endgame KQ-KRR} Qg6+ 38. Kf3 Qe4+ 39. Kg3 Qe3+ 40. Kg4 Qe2+ 41. Kg5 Qg2+ $2 {[%mdl 8192] [#]} (41... Qc2 $11) 42. Kf6 $1 Ke8 43. Rh8+ Kd7 44. R1h7+ Kc6 45. Rc8+ (45. Re8 $142 Kb5 46. Rxb7+ Kc6 47. Rxa7 Kb6 48. Rh7 Qc2 49. Rxe6+ Ka5 50. Ra7+ Kb5 51. Rb7+ Ka5 52. Rbb6 Qg6+ 53. Kxg6 Ka4 54. Ra6+ Kb5 55. Reb6#) 45... Kb6 $18 46. Rcc7 Qg4 {Hoping for ...Qf5+.} 47. Ke5 $2 (47. Rxb7+ $18 Kc6 48. Rhc7+ (48. Rxa7 Qxf4+ 49. Kg6 Qg3+ 50. Kf7 Qf4+ 51. Kg6 Qg3+ 52. Kh6 Qf4+ 53. Kh5 Qf5+ 54. Kh4 Qf4+ 55. Kh3 Qe3+ 56. Kg2 Qd2+ 57. Kf3 Qd3+ 58. Kg4 Qf5+ 59. Kh4 Qf4+ 60. Kh5 Qf5+ 61. Kh6 Qf4+ 62. Kh5 $11) 48... Kd6 49. Rd7+ (49. Rxa7 Qxf4+ 50. Kg6 Qg4+ 51. Kf7 Qh5+ 52. Kg7 Qg5+ 53. Kh8 Qh6+ 54. Kg8 Qg6+ 55. Kf8 Qf6+ 56. Ke8 Qh8+ 57. Kf7 Qh7+ 58. Kf6 Qh6+ 59. Kf7 Qh7+ 60. Kf8 Qh8+ 61. Kf7 Qh7+ $11) 49... Kc6 50. Rbc7+ Kb5 51. Rb7+ (51. Rxa7 Qxf4+ 52. Kg7 Qg5+ 53. Kf8 Qh6+ 54. Rg7 e5 $16) 51... Kc6 52. Rbc7+ (52. Rxa7 Qxf4+ 53. Kg7 Qg5+ 54. Kf7 Qh5+ 55. Kg8 Qg6+ 56. Kf8 Qf6+ 57. Ke8 Qh8+ 58. Kf7 Qh5+ 59. Kg7 Qg5+ 60. Kh8 Qh6+ 61. Kg8 Qg6+ 62. Kf8 Qf6+ 63. Rf7 Qd8+ 64. Kg7 Qg5+ 65. Kh7 Qh4+ 66. Kg6 Qg4+ 67. Kf6 Qh4+ 68. Kg7 Qg3+ 69. Kf8 Qb8+ 70. Kg7 Qg3+ 71. Kh6 Qh2+ 72. Kg6 Qg3+ 73. Kh6 Qh2+ 74. Kg7 Qg3+ $11) 52... Kb5 53. Rc5+ Kb6 54. Rd6+ Kb7 55. Rxe6) 47... Qf5+ $11 48. Kd6 Qxf4+ 49. Kd7 $2 {[%mdl 8192]} (49. Kxe6 $11 Qe4+ 50. Kd6 Qf4+ 51. Kxd5 Qf5+ 52. Kd6 Qg6+ 53. Ke5 Qg5+ 54. Ke4 Qg4+ 55. Ke5 Qg5+ 56. Ke6 Qg6+ 57. Ke5 Qg5+) 49... Qxc7+ {Accuracy: White = 38%, Black = 42%.} 0-1

[Event "Stay Safe Play From Home 304"]
[Site "Emanuel Lasker Arena"]
[Date "2020.07.15"]
[Round "9"]
[White "Buzaglo"]
[Black "Klasman"]
[Result "1-0"]
[WhiteElo "1868"]
[BlackElo "1305"]
[Annotator "NA RC"]
[PlyCount "51"]
[EventDate "2020.07.15"]
[EventType "swiss (blitz)"]

1. d4 {[%emt 0:00:01]} f5 {[%emt 0:00:03]} 2. Nf3 {[%emt 0:00:00]} Nf6 {[%emt 0:00:01]} 3. g3 {[%emt 0:00:00]} e6 {[%emt 0:00:01]} 4. Bg2 {[%emt 0:00:00]} d5 {[%emt 0:00:01]} 5. O-O {[%emt 0:00:00]} c5 {[%emt 0:00:01]} 6. Nbd2 {[%emt 0:00:00]} Nc6 {[%emt 0:00:02]} 7. dxc5 {[%emt 0:00:01]} Bxc5 {[%emt 0:00:02]} 8. c4 {[%emt 0:00:00]} Qb6 {[%emt 0:00:03]} 9. cxd5 {[%emt 0:00:01]} Nxd5 {[%emt 0:00:02]} 10. a3 {[%emt 0:00:03]} Bxf2+ {[%emt 0:00:03]} 11. Rxf2 {[%emt 0:00:02]} Ne3 {[%emt 0:00:01]} 12. Qb3 {[%emt 0:00:03]} Qxb3 {[%emt 0:00:08]} 13. Nxb3 {[%emt 0:00:00]} Nc2 {[%emt 0:00:02]} 14. Rb1 {[%emt 0:00:01]} O-O {[%emt 0:00:03]} 15. e4 {[%emt 0:00:02]} fxe4 {[%emt 0:00:02]} 16. Rxc2 {[%emt 0:00:08]} exf3 {[%emt 0:00:05]} 17. Bf1 {[%emt 0:00:01]} e5 {[%emt 0:00:03]} 18. Bd3 {[%emt 0:00:04]} Bh3 {[%emt 0:00:04]} 19. Be4 {[%emt 0:00:01]} Nd4 {[%emt 0:00:05]} 20. Nxd4 {[%emt 0:00:01]} exd4 {[%emt 0:00:01]} 21. Bf4 {[%emt 0:00:01]} g5 {[%emt 0:00:03]} 22. Bxg5 {[%emt 0:00:02]} Rae8 {[%emt 0:00:01]} 23. Bd5+ {[%emt 0:00:03]} Kg7 {[%emt 0:00:02]} 24. Bf4 {[%emt 0:00:02]} Re2 {[%emt 0:00:02]} 25. Rxe2 {[%emt 0:00:01]} fxe2 {[%emt 0:00:01]} 26. Re1 {[%emt 0:00:01] Time (Lag: Av=0.68s, max=1.0s)} 1-0